000 00496nam a2200241Ia 4500
003 IT-RoPAU
008 120407s9999 xx 000 0 und d
040 _aIT-RoPAU
040 _cIT-RoPAU
041 _aita
100 _aKarl Barth
245 _aIniziare dall’inizio
250 _aBrescia
260 _aQueriniana
260 _c1990
300 _a187 p.
300 _c20 cm
490 _aGdt,199
490 _v1
600 _aAntologia di testi
942 _cBK
999 _c27735
_d27735